[Event "Penang op 15th"]
[Site "Penang"]
[Date "2023.12.22"]
[Round "9"]
[White "Burman, Ray Pritish"]
[Black "Marrhuimawan, Maximiliano"]
[Result "0-1"]
[WhiteElo "1705"]
[BlackElo "1784"]
[PlyCount "118"]
[EventDate "2023.12.18"]
[EventType "swiss"]
[EventRounds "9"]
[EventCountry "MAS"]
[SourceTitle "CB52_2023"]
[SourceDate "2023.12.27"]
[SourceVersion "1"]
[SourceVersionDate "2023.12.27"]
[SourceQuality "1"]

1. d4 Nf6 2. c4 g6 3. g3 Bg7 4. Bg2 0-0 5. Nf3 d6 6. 0-0 a6 7. Nc3 Nc6 8. h3 Rb8 9. a4 Nd7 10. e4 e5 11. d5 Nd4 12. Be3 c5 13. dxc6 bxc6 14. Nxd4 exd4 15. Bxd4 Ne5 16. f4 c5 17. Bxe5 dxe5 18. Qe2 exf4 19. gxf4 Qd4+ 20. Kh2 Be6 21. Rfd1 Qxc4 22. Qxc4 Bxc4 23. Rab1 Bd4 24. Nd5 Ba2 25. Ne7+ Kg7 26. Nc6 Rb6 27. Ra1 Bb3 28. Rd3 Bc4 29. Rdd1 Rxc6 30. Rac1 Rb6 31. Rxc4 Rxb2 32. Rf1 Rfb8 33. Rf3 Ra2 34. Kg3 Rb1 35. Kh2 Rbb2 36. Rg3 Bf2 37. Rf3 Bh4 38. Rxc5 Rxg2+ 39. Kh1 Rgb2 40. Rc1 Rxa4 41. e5 Rf2 42. Rxf2 Bxf2 43. Rf1 Rxf4 44. Kg2 a5 45. Ra1 a4 46. Ra2 Bc5 47. Kg3 Rc4 48. Re2 a3 49. e6 fxe6 50. Rxe6 Ra4 51. Rc6 a2 52. Rxc5 a1Q 53. Rc7+ Kh6 54. Rf7 Qg1+ 55. Kf3 Qf1+ 56. Kg3 Qxf7 57. Kg2 Ra2+ 58. Kg3 Qf2+ 59. Kg4 Ra4# 0-1

[Event "Penang op 15th"]
[Site "Penang"]
[Date "2023.12.18"]
[Round "2"]
[White "Sidabutar, Uriel Noah Oloan"]
[Black "Burman, Ray Pritish"]
[Result "1-0"]
[WhiteElo "2008"]
[BlackElo "1705"]
[PlyCount "79"]
[EventDate "2023.12.18"]
[EventType "swiss"]
[EventRounds "9"]
[EventCountry "MAS"]
[SourceTitle "CB52_2023"]
[SourceDate "2023.12.27"]
[SourceVersion "1"]
[SourceVersionDate "2023.12.27"]
[SourceQuality "1"]

1. e4 d6 2. d4 Nf6 3. Nc3 g6 4. f3 Bg7 5. Be3 c6 6. Qd2 h5 7. 0-0-0 b5 8. Kb1 b4 9. Nce2 Qa5 10. Nc1 0-0 11. h3 Nbd7 12. g4 c5 13. Bh6 cxd4 14. Nb3 Qb6 15. Nxd4 Nc5 16. Nge2 Ncxe4 17. fxe4 Nxe4 18. Qe3 e5 19. Bg2 d5 20. Nb3 Nf2 21. Bxd5 Qxe3 22. Bxe3 Nxd1 23. Rxd1 Ba6 24. Bxa8 Bxe2 25. Re1 Bxg4 26. hxg4 Rxa8 27. gxh5 gxh5 28. Rh1 f5 29. Rxh5 f4 30. Bd2 Kf7 31. Nc5 Kg6 32. Rh2 Kf5 33. Nd3 Rh8 34. Rxh8 Bxh8 35. Kc1 Ke4 36. Bxb4 Ke3 37. Bc3 e4 38. Bxh8 exd3 39. cxd3 Kf2 40. Kc2 1-0

[Event "Thailand Pattaya U12 op 2nd"]
[Site "Pattaya"]
[Date "2019.10.23"]
[Round "9"]
[White "Burman, Ray Pritish"]
[Black "Sai, Han Thiha"]
[Result "0-1"]
[WhiteElo "1185"]
[BlackElo "1749"]
[PlyCount "96"]
[EventDate "2019.10.19"]
[EventType "swiss"]
[EventRounds "9"]
[EventCountry "THA"]
[SourceTitle "CBM 193 Extra"]
[Source "ChessBase"]
[SourceDate "2020.01.31"]
[SourceVersion "1"]
[SourceVersionDate "2020.01.31"]
[SourceQuality "1"]

1. g3 e5 2. Bg2 d5 3. Nc3 d4 4. Nb1 Nf6 5. d3 Bd6 6. e3 0-0 7. Ne2 c5 8. exd4 exd4 9. 0-0 Nc6 10. h3 Re8 11. Bg5 h6 12. Bxf6 Qxf6 13. Nd2 Bf5 14. Nc4 Bc7 15. c3 Rad8 16. cxd4 Nxd4 17. Nc3 b5 18. Ne3 Bb8 19. Nxf5 Qxf5 20. Ne4 c4 21. Re1 Ne6 22. Re3 Nc5 23. Nxc5 Rxe3 24. fxe3 Qxc5 25. d4 Qg5 26. Qf3 Bxg3 27. Rf1 Rd7 28. Kh1 Bc7 29. Qc6 Qg3 30. Kg1 Qxe3+ 31. Kh1 Qg3 32. Kg1 Qh2+ 33. Kf2 Qf4+ 34. Kg1 Qxd4+ 35. Kh1 Qe5 36. Kg1 Qh2+ 37. Kf2 Bb6+ 38. Ke2 Qe5+ 39. Be4 Qxb2+ 40. Kf3 Qc3+ 41. Kg4 h5+ 42. Kh4 Bd8+ 43. Rf6 Bxf6+ 44. Qxf6 Qxf6+ 45. Kxh5 Qe5+ 46. Bf5 Qxf5+ 47. Kh4 Rd3 48. a4 Rxh3# 0-1